000 00763nam a2200253 a 4500
001 BRCA_3674
005 20190320204358.0
008 010909s1962----nyu#---###---#000-0#eng-#
041 _aeng
044 _anyu
050 4 _aPZ3
_b.T93 1962
100 1 _aTwain, Mark
_99536
245 1 0 _aLetter from the earth
_cby Mark Twain (Samuel L. Clemens) ; edited by Bernard Devoto with a preface by Henry Nash Smith.
260 _aNew York
_bHarper + Row
_c1962
300 _aix, 303 p.
_c22 cm.
500 _aIncluye notas bibliográficas
500 _aB328
650 1 4 _aLiteratura estadounidense
_99537
700 1 _aClemens, Samuel
_d1835-1910
_99538
700 1 _aDevoto, Bernard
_99539
700 1 _aNash Smith, Henry
_99540
902 _aGFM
942 _2lcc
_cB
999 _c3406
_d3406